[Event "ROM-ch U12 Girls"]
[Site "Calimanesti"]
[Date "2015.04.06"]
[Round "9"]
[White "Marina, Raluca Ioana"]
[Black "Coman, Ana Cristina"]
[Result "0-1"]
[WhiteElo "1256"]
[BlackElo "1480"]
[PlyCount "82"]
[EventDate "2015.03.30"]
[EventType "swiss"]
[EventRounds "9"]
[EventCountry "ROU"]
[SourceTitle "CBM 165 Extra"]
[Source "ChessBase"]
[SourceDate "2015.04.21"]
[SourceVersion "1"]
[SourceVersionDate "2015.04.21"]
[SourceQuality "1"]

1. c4 e5 2. Nc3 Nf6 3. g3 Bc5 4. Bg2 d6 5. e3 0-0 6. Nge2 c6 7. h3 Be6 8. d4 exd4 9. exd4 Bb6 10. d5 cxd5 11. cxd5 Bf5 12. 0-0 Na6 13. Bf4 Nb4 14. a3 Nd3 15. b4 Rc8 16. Nb5 Nb2 17. Qb3 Rc2 18. Ned4 Bxd4 19. Nxd4 Rc8 20. Qxb2 Bd7 21. Bxd6 Re8 22. Rac1 Rxc1 23. Rxc1 Bxh3 24. Bxh3 Qxd6 25. Bg2 Nxd5 26. Bxd5 Qxd5 27. Ne2 Qf3 28. a4 h6 29. Nd4 Qd5 30. Nb5 Re5 31. Nxa7 Rh5 32. f3 Qxf3 33. Qc2 Qe3+ 34. Kf1 Qxc1+ 35. Kf2 Rf5+ 36. Ke2 Qxc2+ 37. Ke3 Qg2 38. a5 Qg1+ 39. Ke4 Qxa7 40. Kxf5 b6 41. axb6 Qxb6 0-1

[Event "ROM-ch U10 Girls"]
[Site "Calimanesti"]
[Date "2013.04.02"]
[Round "1"]
[White "Marina, Raluca Ioana"]
[Black "Boboc, Thea Elena"]
[Result "1/2-1/2"]
[WhiteElo "1043"]
[BlackElo "1321"]
[PlyCount "137"]
[EventDate "2013.04.02"]
[EventType "swiss"]
[EventRounds "9"]
[EventCountry "ROU"]
[SourceTitle "CBM 153 Extra"]
[Source "ChessBase"]
[SourceDate "2013.04.22"]
[SourceVersion "1"]
[SourceVersionDate "2013.04.22"]
[SourceQuality "1"]

1. e4 c5 2. Nf3 e6 3. d3 Nc6 4. Nc3 g6 5. Be3 Bg7 6. Bxc5 Bxc3+ 7. bxc3 Qa5 8. Bb4 Nxb4 9. cxb4 Qxb4+ 10. Nd2 Nf6 11. Be2 d5 12. 0-0 dxe4 13. dxe4 0-0 14. e5 Qc3 15. exf6 Rd8 16. Ne4 Rxd1 17. Nxc3 Rd8 18. Rfd1 Rf8 19. Rd2 b6 20. Rad1 Bb7 21. Rd7 Bc6 22. R7d6 Rac8 23. Bb5 Bxb5 24. Nxb5 Rxc2 25. Rd8 Rc8 26. Rxf8+ Rxf8 27. h3 a6 28. Nc7 h6 29. Nxa6 Ra8 30. Nc7 Rc8 31. Nb5 Rc5 32. Rd8+ Kh7 33. Na7 Rf5 34. Rd6 Rxf6 35. Rxb6 Rf5 36. Nc6 Rd5 37. a4 Rd1+ 38. Kh2 Ra1 39. Rb7 Rxa4 40. Rxf7+ Kg8 41. Ra7 Rxa7 42. Nxa7 Kf7 43. Kg3 Kf6 44. f4 e5 45. fxe5+ Kxe5 46. Kf3 Kf5 47. g4+ Kf6 48. Nb5 g5 49. Kg3 Kg6 50. Nd4 Kf6 51. Nf3 Kg6 52. Nh2 Kf6 53. h4 Kg6 54. hxg5 hxg5 55. Nf3 Kf6 56. Nxg5 Kxg5 57. Kh3 Kg6 58. Kh4 Kh6 59. Kg3 Kg5 60. Kf3 Kg6 61. Kf4 Kf6 62. g5+ Kg6 63. Kg4 Kg7 64. Kf5 Kf7 65. g6+ Kg7 66. Kg5 Kg8 67. Kf6 Kf8 68. g7+ Kg8 69. Kg6 1/2-1/2